जेनी. (Record no. 276774)

MARC details
000 -LEADER
fixed length control field 00564nam a2200181Ia 4500
008 - FIXED-LENGTH DATA ELEMENTS--GENERAL INFORMATION
fixed length control field 090630s9999 xx 000 0 und d
082 ## - DEWEY DECIMAL CLASSIFICATION NUMBER
Item number 24918
100 ## - MAIN ENTRY--PERSONAL NAME
Personal name नागपूरकर हेमा.
245 ## - TITLE STATEMENT
Title जेनी.
Statement of responsibility, etc नागपूरकर हेमा.
260 ## - PUBLICATION, DISTRIBUTION, ETC. (IMPRINT)
Name of publisher, distributor, etc मनोरमा - मुंबई.
Date of publication, distribution, etc 2004
300 ## - PHYSICAL DESCRIPTION
Extent 188
600 ## - SUBJECT ADDED ENTRY--PERSONAL NAME
Personal name नागपूरकर हेमा.
630 ## - SUBJECT ADDED ENTRY--UNIFORM TITLE
Uniform title जेनी.
655 ## - INDEX TERM--GENRE/FORM
Genre/form data or focus term लघुकथा.
700 ## - ADDED ENTRY--PERSONAL NAME
Personal name नागपूरकर हेमा.
730 ## - ADDED ENTRY--UNIFORM TITLE
Uniform title जेनी.
942 ## - ADDED ENTRY ELEMENTS (KOHA)
Koha item type Book
Holdings
Withdrawn status Lost status Damaged status Not for loan Home library Current library Date acquired Cost, normal purchase price Total Checkouts Full call number Barcode Date last seen Cost, replacement price Price effective from Koha item type
        Sarvajanik Wachanalaya Shrivardhan Sarvajanik Wachanalaya Shrivardhan 06/08/2006 200.00   24918 SAWASHRI-24918 06/30/2009 200.00 06/30/2009 Book